000 00491nam a2200169Ia 4500
003 OSt
005 20201216114145.0
008 190216s9999||||xx |||||||||||||| ||und||
040 _coclc
082 _a894.8121
_bTHA/R
100 _aTharamel, Umar
_96888
245 0 _aRubaiyyath Omarkhayyam /
_cUmar Tharamel
260 _bOlive Publications,
_aKozhikode:
_c2005.
300 _a98p
650 _aIslamic History
942 _cBK
_2ddc
_h894.8121
_iTHA/R
_k894.8121
_mTHA/R
999 _c22767
_d22767